|
|
|
|
| LEADER |
00000nam a2200000 a 4500 |
| 001 |
vtls009301272 |
| 003 |
SK-MaSNL |
| 005 |
20260302080204.0 |
| 008 |
251029s2006 xxua f 001 0 eng |
| 020 |
|
|
|a 1571815034 (brož.)
|
| 040 |
|
|
|a SNK
|b slo
|c SNK
|e AACR2
|
| 041 |
0 |
|
|a eng
|
| 044 |
|
|
|a xxu
|c US
|a xxk
|c GB
|
| 072 |
|
7 |
|a 792
|x Divadlo. Divadelné predstavenia
|2 konspekt
|
| 080 |
|
|
|a 792.5
|2 2001
|
| 080 |
|
|
|a 792
|2 2001
|
| 080 |
|
|
|a (436)
|2 2001
|
| 080 |
|
|
|a (4-191)
|2 2001
|
| 080 |
|
|
|a (082)
|2 2001
|
| 080 |
|
|
|a 792(091)
|2 2001
|
| 245 |
0 |
4 |
|a The great tradition and its legacy
|b the evolution of dramatic and musical theater in Austria and Central Europe
|c edited by Michael Cherlin, Halina Filipowicz and Richard L. Rudolph
|
| 260 |
|
|
|a New York
|a Oxford
|b Berghahn Books
|c 2006
|
| 300 |
|
|
|a xiii, 274 s.
|b noty
|c 23 cm
|
| 490 |
1 |
|
|a Austrian history, culture, and society
|v 4
|
| 648 |
|
7 |
|a 18.-20. stor.
|2 SNKPH
|9 293384
|
| 648 |
|
7 |
|a 18th-20th centuries
|2 SNKPHeng
|9 304685
|
| 650 |
0 |
7 |
|a hudobné divadlo
|2 SNKPH
|9 84721
|
| 650 |
0 |
7 |
|a dejiny divadla
|2 SNKPH
|9 83390
|
| 650 |
0 |
7 |
|a divadlo
|2 SNKPH
|9 3335
|
| 650 |
0 |
7 |
|a Music theater
|2 SNKPHeng
|9 421879
|
| 650 |
0 |
7 |
|a History of theater
|2 SNKPHeng
|9 278279
|
| 650 |
0 |
7 |
|a Theater
|2 SNKPHeng
|9 105012
|
| 651 |
|
7 |
|a Rakúsko
|2 SNKPH
|9 18533
|
| 651 |
|
7 |
|a Európa stredná
|2 SNKPH
|9 23970
|
| 651 |
|
7 |
|a Austria
|2 SNKPHeng
|9 274392
|
| 651 |
|
7 |
|a Europe, Central
|2 SNKPHeng
|9 98219
|
| 655 |
|
7 |
|a zborníky
|2 SNKPH
|9 70165
|
| 655 |
|
7 |
|a Miscellanea
|2 SNKPHeng
|9 265155
|
| 700 |
1 |
|
|a Cherlin, Michael
|4 com
|9 743983
|
| 700 |
1 |
|
|a Filipowicz, Halina
|4 com
|9 743984
|
| 700 |
1 |
|
|a Rudolph, Richard L.
|4 com
|9 549514
|
| 830 |
|
0 |
|a Austrian history, culture, and society
|9 592239
|
| 919 |
|
|
|a 1-57181-503-4
|
| 999 |
|
|
|c 1172113
|d 1174043
|
| 952 |
|
|
|a SNK
|b SNK
|y VYP
|7 0
|p 17A0590416
|o snkIC 136609
|i snk2008/11887
|8 3
|g 32.86
|0 0
|1 0
|4 0
|d 2008-06-05
|l 0
|r 2026-02-24 21:08:41
|w 2026-02-24
|